000 00658nam a22002177a 4500
003 UA-OsUOA
001 55573
007 ta
008 20080917b un ||||| |||| 00| 0 ukr d
100 _aПлачинда С.
090 _a902
_bП37
942 _cSA
040 _aUA-OsUOA
_bukr
_cUA-OsUOA
_dUA-OsUOA
245 _aІсторія починається в Мізині/До 100-річчя відкриття Мізинської пізньопалеолітичної стоянки
300 _aС.1,3
955 _a0
041 _aukr
080 _a902
773 0 _w55572
650 7 _a9 Географія. Біографії. Історія
_2UDC
999 _c341654
_d341654